| 000 | 01922cam a2200241 4500500 | ||
|---|---|---|---|
| 005 | 20260322003157.0 | ||
| 041 | _afre | ||
| 042 | _adc | ||
| 100 | 1 | 0 |
_aFischmann, Roseli _eauthor |
| 245 | 0 | 0 | _aThe laicity of the State and its challenges |
| 260 | _c2023. | ||
| 500 | _a64 | ||
| 520 | _aThe definition of the relationship between the State and religions is part of the legal order of the countries, indicating whether the State is laic and must be kept separate from all religions, or if an official religion is attributed to it, or if it is a theocratic State. This article is based on qualitative, historical, bibliographical and documental research. It seeks to offer a contribution to a better understanding of the theme of the laicity of the State. It focuses on the case of Brazil, specifically with regard to the Brazil-Holy See Agreement (or Concordat), signed in November 2008 at the Vatican. | ||
| 520 | _aA definição da relação entre Estado e religiões integra o ordenamento jurídico dos países, indicando se o Estado é laico e deve ser mantido separado de todas as religiões, ou se lhe é atribuída uma religião oficial ou, ainda, se é um Estado de tipo teocrático. Este artigo é fundamentado em pesquisa qualitativa, de tipo histórico, bibliográfico e documental. Busca oferecer uma contribuição ao melhor entendimento do tema da laicidade do Estado. Define como foco o caso do Brasil, especificamente no que se refere ao Acordo Brasil – Santa Sé (ou Concordat), assinado em novembro de 2008 no Vaticano. | ||
| 690 | _aBrazil | ||
| 690 | _aConcordat | ||
| 690 | _aLaic public school | ||
| 690 | _aLaic State and Holy See | ||
| 690 | _aLaicity of the State | ||
| 690 | _aState and religions | ||
| 786 | 0 | _nAraucaria | 54 | 3 | 2023-11-06 | p. 89-113 | 1575-6823 | |
| 856 | 4 | 1 | _uhttps://shs.cairn.info/revista-araucaria-2023-3-page-89?lang=es&redirect-ssocas=7080 |
| 999 |
_c1729783 _d1729783 |
||